Civilisation progressive du Français niveau avancé : avec 400 activités
Guardado en:
| Autor principal: | |
|---|---|
| Formato: | Libro |
| Lenguaje: | francés |
| Publicado: |
Paris
CLE international
2010
|
| Materias: | |
| Etiquetas: |
Sin Etiquetas, Sea el primero en etiquetar este registro!
|
MARC
| LEADER | 00000nam a2200000 4500 | ||
|---|---|---|---|
| 001 | 0237296 | ||
| 005 | 20221108071148.6 | ||
| 020 | |a 978-2-09-035365-5 | ||
| 041 | 0 | |a fre | |
| 044 | |a FR | ||
| 245 | 1 | 0 | |a Civilisation progressive du Français |b niveau avancé : avec 400 activités |c Jacques Pécheur |
| 264 | 1 | |a Paris |b CLE international |c 2010 | |
| 300 | |a 223 s. | ||
| 610 | 2 | 0 | |a francúzština |
| 610 | 2 | 0 | |a jazyky cudzie |
| 610 | 2 | 0 | |a gramatika |
| 610 | 2 | 0 | |a zásoba slovná |
| 610 | 2 | 0 | |a konverzácia |
| 610 | 2 | 0 | |a výslovnosť |
| 610 | 2 | 0 | |a Francúzsko |
| 610 | 2 | 0 | |a kultúra |
| 610 | 2 | 0 | |a reálie |
| 100 | 1 | |a Pécheur, Jacques | |